000 00772cam a22002538a 4500
008
020 _a0750652764 (pbk.)
049 _aMAIN
090 0 _aG155.A1WEE
100 1 _aWeed, Mike.
245 1 0 _aSports tourism :
_bparticipants, policy, and providers /
_cMike Weed and Chris Bull.
260 _aBoston :
_bElsevier/Butterworth Heinemann,
_c2003.
300 _axvi, 241 p. :
_bill. ;
_c24 cm.
504 _aIncludes bibliographical references.
500 _aIncludes index.
650 _aSports tourist
_xparticipants.
650 0 _aSports and tourism.
700 1 _aBull, Chris
907 _a.b10209815
_b11-08-06
_c09-08-06
003
005 20230123134234.0
040 _cNUST
942 _cBOOKS
_kG155.A1WEE
999 _c162439
_d162439